[Event "Turin FreeTUR op"]
[Site "Turin"]
[Date "2007.12.11"]
[Round "6"]
[White "Gariglio, Marco"]
[Black "Tondo, Stefano"]
[Result "0-1"]
[WhiteElo "1491"]
[BlackElo "1496"]
[PlyCount "64"]
[EventDate "2007.11.06"]
[EventType "swiss"]
[EventRounds "6"]
[EventCountry "ITA"]
[SourceTitle "EXT 2010"]
[Source "ChessBase"]
[SourceDate "2010.11.25"]
[SourceVersion "1"]
[SourceVersionDate "2010.11.25"]
[SourceQuality "1"]

1. e4 e5 2. Nf3 Nc6 3. Nc3 Bc5 4. Bc4 Nf6 5. d3 h6 6. a3 a5 7. 0-0 0-0 8. Nd5 d6 9. h3 Na7 10. b4 Nxd5 11. bxc5 Ne7 12. cxd6 cxd6 13. Bd2 b5 14. Ba2 Nac6 15. Qc1 Kh7 16. c4 bxc4 17. Bxc4 f5 18. exf5 Rxf5 19. Qc2 Rxf3 20. gxf3 Nd4 21. Qd1 Bxh3 22. Re1 Nef5 23. Bd5 Rb8 24. Be4 Qf6 25. Bxf5+ Qxf5 26. Re4 Qxf3 27. Qxf3 Nxf3+ 28. Kh1 Nxd2 29. Re3 Bg4 30. Ra2 Nf3 31. a4 Nd4 32. Ra1 Nc2 0-1

[Event "Turin FreeTUR op"]
[Site "Turin"]
[Date "2007.11.13"]
[Round "2"]
[White "Gariglio, Marco"]
[Black "Rossotto, Bruno"]
[Result "1-0"]
[WhiteElo "1491"]
[BlackElo "1401"]
[PlyCount "59"]
[EventDate "2007.11.06"]
[EventType "swiss"]
[EventRounds "6"]
[EventCountry "ITA"]
[SourceTitle "EXT 2010"]
[Source "ChessBase"]
[SourceDate "2010.11.25"]
[SourceVersion "1"]
[SourceVersionDate "2010.11.25"]
[SourceQuality "1"]

1. e4 e6 2. d4 d5 3. Nc3 c5 4. exd5 exd5 5. dxc5 Be6 6. Qe2 Nc6 7. Nf3 Be7 8. Be3 Nf6 9. Nd4 0-0 10. Nxe6 fxe6 11. 0-0-0 Nd7 12. Qg4 Nxc5 13. Bxc5 Bg5+ 14. Be3 Bxe3+ 15. fxe3 Qf6 16. Bd3 Ne5 17. Qh3 Nxd3+ 18. Rxd3 a6 19. Rd4 b5 20. Rhd1 Rab8 21. a3 a5 22. e4 b4 23. axb4 axb4 24. Na2 b3 25. cxb3 Rfc8+ 26. Nc3 Rxb3 27. exd5 Qg5+ 28. R1d2 Qf5 29. Qxf5 exf5 30. d6 1-0

[Event "Turin FreeTUR op"]
[Site "Turin"]
[Date "2007.11.06"]
[Round "1"]
[White "Gussone, Claudio"]
[Black "Gariglio, Marco"]
[Result "1-0"]
[WhiteElo "1876"]
[BlackElo "1491"]
[PlyCount "41"]
[EventDate "2007.11.06"]
[EventType "swiss"]
[EventRounds "6"]
[EventCountry "ITA"]
[SourceTitle "EXT 2010"]
[Source "ChessBase"]
[SourceDate "2010.11.25"]
[SourceVersion "1"]
[SourceVersionDate "2010.11.25"]
[SourceQuality "1"]

1. Nf3 d5 2. d4 e6 3. g3 Nf6 4. Bg2 Nc6 5. 0-0 Bd6 6. c4 b6 7. Bg5 h6 8. Bxf6 Qxf6 9. cxd5 exd5 10. Nc3 Be6 11. e4 dxe4 12. Nxe4 Qf5 13. Nh4 Qa5 14. Rc1 0-0-0 15. Qc2 Kd7 16. Nxd6 Kxd6 17. Bxc6 Qb4 18. Nf5+ Bxf5 19. Qxf5 Qa5 20. Qf4+ Ke6 21. Rfe1+ 1-0